[Event "BL2 Sued 0708 (Women)"]
[Site "Germany"]
[Date "2007.12.01"]
[Round "3.6"]
[White "Roos, Karin"]
[Black "Tran Le Thu, Mai"]
[Result "1-0"]
[WhiteElo "1873"]
[BlackElo "1054"]
[PlyCount "85"]
[EventDate "2007.11.10"]
[EventType "team-tourn"]
[EventRounds "7"]
[EventCountry "GER"]
[SourceTitle "EXT 2009"]
[Source "ChessBase"]
[SourceDate "2008.11.26"]
[SourceVersion "1"]
[SourceVersionDate "2008.11.26"]
[SourceQuality "1"]
[WhiteTeam "Bayern Muenchen (W)"]
[BlackTeam "Zeulenroda (W)"]
[WhiteTeamCountry "GER"]
[BlackTeamCountry "GER"]

1. e4 c5 2. Nf3 e6 3. d4 cxd4 4. Nxd4 a6 5. Nc3 Qc7 6. Bd3 Bb4 7. Bd2 Bxc3 8. Bxc3 d6 9. 0-0 Nf6 10. Qe2 b5 11. e5 Nd5 12. exd6 Qxd6 13. Nf5 Qc6 14. Nxg7+ Kd8 15. Nxe6+ fxe6 16. Bxh8 Nd7 17. Rfe1 Nc5 18. Rad1 Kc7 19. Be5+ Kb6 20. Be4 Bb7 21. Bxd5 exd5 22. Bd4 Kc7 23. Qe5+ Kc8 24. Qe8+ Kc7 25. Qxc6+ Kxc6 26. Re7 h6 27. Bxc5 Kxc5 28. Rxb7 Rc8 29. c3 a5 30. Rd7 Re8 31. R7xd5+ Kc6 32. f4 Re4 33. g3 Re7 34. Re5 Rf7 35. b4 a4 36. Rc5+ Kb6 37. Rd6+ Kb7 38. Rxb5+ Kc7 39. Ra6 a3 40. Ra7+ Kc6 41. Rc5+ Kd6 42. Rxf7 Ke6 43. Rh7 1-0